000 00861nam a2200229 a 4500
001 BRCA_9108
005 20190320210526.0
008 051017s1778----sp-#######---#000-0#spa-#
041 _aspa
044 _asp
084 _aBE122
_b.B87 1778
100 1 _aBurdalue, Luis
_922263
245 1 0 _aTomo primero de los panegíricos del P. Luis Burdalue, de la extinguida compañía llamada de Jesus
_cnuevamente traducidos del francés al castellano por Don Miguel del Castillo.
260 _aMadrid
_bEn la imprenta de Antonio Fernandez
_c1778
300 _a390m p. (t.11)
_c21.5 x 15 cm
500 _aCon privilegio para toda la obra
500 _aEstado físico: presenta encuadernación en pergamino
650 1 4 _aIglesia católica
_xSermones
_yObras anteriores a 1800
_922483
700 1 _aCastillo, Miguel del
_etr.
_922484
902 _aCFM
942 _2lcc
_cB
999 _c8757
_d8757